Object oriented programming with C++ (Record no. 7127)

MARC details
000 -LEADER
fixed length control field 00527cam a2200205ua 4500
008 - FIXED-LENGTH DATA ELEMENTS--GENERAL INFORMATION
fixed length control field 150105n ii |||gr||||Z||||||eng
020 ## - INTERNATIONAL STANDARD BOOK NUMBER
International Standard Book Number 9781259029936
040 ## - CATALOGING SOURCE
Transcribing agency MAIN
041 ## - LANGUAGE CODE
-- eng
082 ## - DEWEY DECIMAL CLASSIFICATION NUMBER
Classification number 005
100 ## - MAIN ENTRY--PERSONAL NAME
Personal name Balagurusamy, E.,
Relator term
245 1# - TITLE STATEMENT
Title Object oriented programming with C++
Statement of responsibility, etc. By E. Balagurusamy
250 ## - EDITION STATEMENT
Edition statement 6th ed.
260 ## - PUBLICATION, DISTRIBUTION, ETC.
Place of publication, distribution, etc. New Delhi:
Name of publisher, distributor, etc. Mcgraw,
Date of publication, distribution, etc. 2014.
300 ## - PHYSICAL DESCRIPTION
Extent xvii,543p.
942 ## - ADDED ENTRY ELEMENTS (KOHA)
Koha item type Books
653 ## - INDEX TERM--UNCONTROLLED
Uncontrolled term Computer programming, programs & data
653 ## - INDEX TERM--UNCONTROLLED
Uncontrolled term C++ programming
Holdings
Withdrawn status Lost status Damaged status Not for loan Home library Current library Shelving location Date acquired Total Checkouts Full call number Barcode Date last seen Copy number Price effective from Koha item type
        Central Library, Naharkatiya College Central Library, Naharkatiya College General Stacks 19/09/2020   005 | BAL 22726 19/09/2020 1 19/09/2020 Books
        Central Library, Naharkatiya College Central Library, Naharkatiya College General Stacks 19/09/2020   005 | BAL 22727 19/09/2020 2 19/09/2020 Books

Naharkatiya College © 2020. All rights reserved.

Powered By